000 03029pam a2200781 i 4500
020 _a0070303665 :
082 0 0 _a629.136
_bHOR
_cL-26,P-43
100 1 _aHoronjeff, Robert.
_913581
245 1 0 _aPlanning and design of airports /
_cRobert Horonjeff.
250 _a2d ed.
260 _aNew York :
_bMcGraw-Hill,
_c[1975]
300 _ax, 460 p. :
_bill. ;
_c25 cm.
490 0 _aMcGraw-Hill series in transportation
526 _a0
_b0
_c0
_d629_136000000000000_HOR
526 _a0
_b0
_c0
_d629_136000000000000_HOR
526 _a0
_b0
_c0
_d629_136000000000000_HOR
526 _a0
_b0
_c0
_d629_136000000000000_HOR
526 _a0
_b0
_c0
_d629_136000000000000_HOR
526 _a0
_b0
_c0
_d629_136000000000000_HOR
526 _a0
_b0
_c0
_d629_136000000000000_HOR
526 _a0
_b0
_c0
_d629_136000000000000_HOR
526 _a0
_b0
_c0
_d629_136000000000000_HOR
526 _a0
_b0
_c0
_d629_136000000000000_HOR
526 _a0
_b0
_c0
_d629_136000000000000_HOR
526 _a0
_b0
_c0
_d629_136000000000000_HOR
526 _a0
_b0
_c0
_d629_136000000000000_HOR
526 _a0
_b0
_c0
_d629_136000000000000_HOR
526 _a0
_b0
_c0
_d629_136000000000000_HOR
526 _a0
_b0
_c0
_d629_136000000000000_HOR
526 _a0
_b0
_c0
_d629_136000000000000_HOR
526 _a0
_b0
_c0
_d629_136000000000000_HOR
526 _a0
_b0
_c0
_d629_136000000000000_HOR
526 _a0
_b0
_c0
_d629_136000000000000_HOR
526 _a0
_b0
_c0
_d629_136000000000000_HOR
526 _a0
_b0
_c0
_d629_136000000000000_HOR
526 _a0
_b0
_c0
_d629_136000000000000_HOR
526 _a0
_b0
_c0
_d629_136000000000000_HOR
526 _a0
_b0
_c0
_d629_136000000000000_HOR
526 _a0
_b0
_c0
_d629_136000000000000_HOR
526 _a0
_b0
_c0
_d629_136000000000000_HOR
526 _a0
_b0
_c0
_d629_136000000000000_HOR
526 _a0
_b0
_c0
_d629_136000000000000_HOR
526 _a0
_b0
_c0
_d629_136000000000000_HOR
526 _a0
_b0
_c0
_d629_136000000000000_HOR
526 _a0
_b0
_c0
_d629_136000000000000_HOR
526 _a0
_b0
_c0
_d629_136000000000000_HOR
526 _a0
_b0
_c0
_d629_136000000000000_HOR
526 _a0
_b0
_c0
_d629_136000000000000_HOR
526 _a0
_b0
_c0
_d629_136000000000000_HOR
526 _a0
_b0
_c0
_d629_136000000000000_HOR
526 _a0
_b0
_c0
_d629_136000000000000_HOR
526 _a0
_b0
_c0
_d629_136000000000000_HOR
526 _a0
_b0
_c0
_d629_136000000000000_HOR
526 _a0
_b0
_c0
_d629_136000000000000_HOR
526 _a0
_b0
_c0
_d629_136000000000000_HOR
526 _a0
_b0
_c0
_d629_136000000000000_HOR
526 _a0
_b0
_c0
_d629_136000000000000_HOR
526 _a0
_b0
_c0
_d629_136000000000000_HOR
526 _a0
_b0
_c0
_d629_136000000000000_HOR
526 _a0
_b0
_c0
_d629_136000000000000_HOR
526 _a0
_b0
_c0
_d629_136000000000000_HOR
526 _a0
_b0
_c0
_d629_136000000000000_HOR
526 _a0
_b0
_c0
_d629_136000000000000_HOR
526 _a0
_b0
_c0
_d629_136000000000000_HOR
650 0 _aAirports
_xDesign and construction.
_919584
650 0 _aAirports
_xPlanning.
_97047
942 _2ddc
_cBK
999 _c543257
_d543257